Programming microsoft dynamics CRM 4.0 / (Record no. 190162)

MARC details
000 -LEADER
fixed length control field 00882nam a2200277Ia 4500
003 - CONTROL NUMBER IDENTIFIER
control field OSt
005 - DATE AND TIME OF LATEST TRANSACTION
control field 20260227103000.0
008 - FIXED-LENGTH DATA ELEMENTS--GENERAL INFORMATION
fixed length control field 210716s2009 xx 000 0 und d
020 ## - INTERNATIONAL STANDARD BOOK NUMBER
International Standard Book Number 9788178531571
040 ## - CATALOGING SOURCE
Transcribing agency AIMIT LIBRARY
041 ## - LANGUAGE CODE
Language code of text/sound track or separate title eng
082 ## - DEWEY DECIMAL CLASSIFICATION NUMBER
Classification number 658.4038011
Item number STEJ
100 ## - MAIN ENTRY--PERSONAL NAME
Personal name Steger, Jim.
9 (RLIN) 257024
245 ## - TITLE STATEMENT
Title Programming microsoft dynamics CRM 4.0 /
Statement of responsibility, etc. By Jim Steger ...[et.al.].
250 ## - EDITION STATEMENT
Edition statement 1st ed.
260 ## - PUBLICATION, DISTRIBUTION, ETC.
Place of publication, distribution, etc. Bangalore :
Name of publisher, distributor, etc. WP Publishers & Distributors (P) Ltd ,
Date of publication, distribution, etc. 2009.
300 ## - PHYSICAL DESCRIPTION
Extent xxv,596 p.;
Other physical details PB
Dimensions 23.5 cm.
650 ## - SUBJECT ADDED ENTRY--TOPICAL TERM
Topical term or geographic name entry element Development overview and environment
9 (RLIN) 257025
650 ## - SUBJECT ADDED ENTRY--TOPICAL TERM
Topical term or geographic name entry element Programming work Flow
9 (RLIN) 257026
650 ## - SUBJECT ADDED ENTRY--TOPICAL TERM
Topical term or geographic name entry element Advanced topics
9 (RLIN) 257027
700 ## - ADDED ENTRY--PERSONAL NAME
Personal name Snyder, Mike.
9 (RLIN) 257028
700 ## - ADDED ENTRY--PERSONAL NAME
Personal name Bosak, Brad.
9 (RLIN) 257029
700 ## - ADDED ENTRY--PERSONAL NAME
Personal name O'Brien, Corey.
9 (RLIN) 257030
700 ## - ADDED ENTRY--PERSONAL NAME
Personal name Richardson, Philip.
9 (RLIN) 257031
942 ## - ADDED ENTRY ELEMENTS (KOHA)
Source of classification or shelving scheme Dewey Decimal Classification
Koha item type Book
Call number prefix 658.4038011 STEJ
Holdings
Withdrawn status Lost status Source of classification or shelving scheme Damaged status Not for loan Collection code Home library Current library Shelving location Source of acquisition Cost, normal purchase price Inventory number Total Checkouts Full call number Barcode Date last seen Cost, replacement price Price effective from Koha item type
    Dewey Decimal Classification     MCA St Aloysius Institute of Management & Information Technology St Aloysius Institute of Management & Information Technology Desicion Support & Business Inteligent System Higginbothams Pvt Ltd 699.00 Bill no:312; Bill dt:2010-03-08   658.4038011 STEJ MCA09670 07/21/2025 524.25 07/16/2021 Book